000 00470nam a2200133Ia 4500
005 20260209120137.0
008 260209s9999||||xx |||||||||||||| ||und||
100 _aBhaskara Nand Shukla
245 0 _aSports intellectual property rights : policy issues challenges
260 _aBangaloreBangalore
_bNLSIU
_c2016
300 _a66 p. ; 25 cm.
700 _aMr. Praveen Tripathi - GuideMr. Praveen Tripathi - Guide
856 _uhttps://dans.nls.ac.in/handle/123456789/1638
999 _c217254
_d217254